| 000 | 01602nam a22002297a 4500 | ||
|---|---|---|---|
| 999 |
_c60076 _d60076 |
||
| 003 | Ge_BSU | ||
| 005 | 20230605152054.0 | ||
| 008 | 230605s2018 ge ||||| |||| 00| 0 geo d | ||
| 020 | _a9788301203092 | ||
| 041 | _ageo | ||
| 080 | _a7.048(479.22) თ-41 | ||
| 100 |
_aთევზაია, მარინა _918471 |
||
| 245 |
_aქართული ორნამენტი = Georgian ornament / _cმარინა თევზაია; თარგმანი კოტე გეწაძე; ფოტო სანდრო გოგიაშვილი; დიზაინი მარინა თევზაია. |
||
| 264 |
_aWarszawa : _bPWN, _c2018. |
||
| 300 |
_a183 გვ. : _bილ. ; _c27 სმ. |
||
| 500 | _aჩანახატები: რ. შმერლინგი, ა. კრავჩენკო, ნ. ბრაილაშვილი [და სხვ.]. | ||
| 501 | _aსაარქივო მასალა: საქართველოს ეროვნული მუზეუმი, ხელნაწერთა ეროვნული ცენტრი, საქართველოს ხალხური და გამოყენებითი ხელოვნების სახელმწიფო მუზეუმი [და სხვ.]. | ||
| 653 | _aქართული ორნამენტი | ||
| 700 |
_aგეწაძე, კოტე _eმთარგმნელი _918472 |
||
| 700 |
_aგოგიაშვილი, სანდრო _eფოტოგრაფი _918473 |
||
| 942 |
_2udc _cBK |
||